000
00245nam a2200109Ia 4500
005
20251222153644.0
008
251222s9999||||xx |||||||||||||| ||spa||
082
_a
840/M27
100
_a
"Massian, Michel"
245
0
_a
Tenemos coche
942
_c
LIB
999
_c
32836
_d
32836